Constitutional law of India: A critical commentary. 2V (Record no. 190085)

MARC details
000 -LEADER
fixed length control field 00419nam a2200157Ia 4500
008 - FIXED-LENGTH DATA ELEMENTS--GENERAL INFORMATION
fixed length control field 230917s9999||||xx |||||||||||||| ||und||
040 ## - CATALOGING SOURCE
-- 81357
Original cataloging agency VIVEKANANDA LIBRARY
041 ## - Language
-- English
082 ## - DDC NUMBER
Classification number 342.54 S36C
100 ## - MAIN ENTRY--PERSONAL NAME
Personal name Seervai, H M
245 #0 - TITLE STATEMENT
Title Constitutional law of India: A critical commentary. 2V
250 ## - EDITION STATEMENT
Edition statement 2nd ed.
260 ## - PUBLICATION, DISTRIBUTION, ETC. (IMPRINT)
Place of publication, distribution, etc Bombay
Name of publisher, distributor, etc N M Tripathi
Date of publication, distribution, etc 1976
300 ## - PHYSICAL DESCRIPTION
Pages xxxvi, 1-748 p. ; 749-1580
942 ## - ADDED ENTRY ELEMENTS (KOHA)
Koha item type Books
Holdings
Withdrawn status Lost status Damaged status Not for loan Location (home branch) Sublocation or collection (holding branch) Date acquired Koha issues (times borrowed) Koha full call number Accession No. Koha date last seen Koha item type
        VIVEKANANDA LIBRARY VIVEKANANDA LIBRARY 16/07/2012   342.54 S36C 47024 17/09/2023 Books
        VIVEKANANDA LIBRARY VIVEKANANDA LIBRARY 16/07/2012   342.54 S36C 47025 17/09/2023 Books
        VIVEKANANDA LIBRARY VIVEKANANDA LIBRARY 16/07/2012   342.54 S36C 47088 17/09/2023 Books
        VIVEKANANDA LIBRARY VIVEKANANDA LIBRARY 16/07/2012   342.54 S36C 47089 17/09/2023 Books
        VIVEKANANDA LIBRARY VIVEKANANDA LIBRARY 16/07/2012   342.54 S36C 85456 17/09/2023 Books
© Designed and Maintained by Vivekananda Library, MDU Rohtak